01006nab a22001817a 4500003000400000005001700004008004100021040000700062100002500069245018200094260007300276300001200349500004400361505016400405505008900569650002200658773014400680OSt20251211135156.0190604e xxu||||| |||| 00| 0 spa d cPJ aGozalbez, Rodrigo J.10aAnálisis crítico de la desregulación y reforma del sistema de gestión del derecho de autor y los derechos conexos de la República Argentina /cRodrigo J. Gozalbez. aCiudad Autónoma de Buenos Aires :bThomson Reuters La Ley, c2025. ap. 5-18 aCita Online: TR LALEY AR/DOC/18042025.  aSumario: I. Introducción.— II. El sistema de gestión colectiva de derecho de autor y derechos conexos.— III. Los decretos del PEN.— IV. Conclusiones. t¿Te interesa el texto completo? Solicitalo al correo: koha@justierradelfuego.gov.ar 0aDERECHOS DE AUTOR0 02714dCiudad Autónoma de Buenos Aires : Thomson Reuters La Ley, 2014-tRevista anales de legislación argentina. Nº 11- Noviembre 2025.